Nerves in arm / upper limb - Statistics

General Stats
  • This quiz has been taken 12 times
  • The average score is 7 of 124
Answer Stats
Hint Answer % Correct
Deltoid Axillary
92%
Brachialis Musculocutaneous
33%
Trapezius Accessory
25%
Serratus anterior Long thoracic
25%
Brachiorradialis Radial
25%
Extensor carpi radialis longus Radial
25%
Extensor carpi radialis brevis Radial
25%
Latissimus dorsi Thoracodorsal
25%
Flexor carpi ulnaris Ulnar
25%
Teres minor Axillary
17%
Rhomboid major and minor Dorsal scapular
17%
Pectoralis major Lateral and medial pectoral
17%
Pectoralis minor Medial pectoral
17%
Pronator teres Median
17%
Coracobrachialis Musculocutaneous
17%
Biceps brachii Musculocutaneous
17%
Triceps brachii Radial
17%
Anconeus Radial
17%
Infraspinatus Suprascapular
17%
Root value C5 - C6
8%
Root value C5 - T1
8%
Root value C8 - T1
8%
Levator scapulae Dorsal scapular
8%
Teres major Lower subscapular
8%
Pronator quadratus Median
8%
Flexor carpi radialis Median
8%
Palmaris longus Median
8%
Flexor digitorum superficialis Median
8%
Flexor digitorum profundus, lateral part Median
8%
Lateral lumbricals Median
8%
Flexor pollicis longus Median
8%
Flexor pollicis brevis Median
8%
Abductor pollicis brevis Median
8%
Opponens pollicis Median
8%
Supinator Radial
8%
Extensor carpi ulnaris Radial
8%
Extensor digitorum Radial
8%
Extensor digiti minimi Radial
8%
Extensor indicis Radial
8%
Extensor pollicis longus Radial
8%
Extensor pollicis brevis Radial
8%
Abductor pollicis longus Radial
8%
Supraspinatus Suprascapular
8%
Flexor digitorum profundus, medial part Ulnar
8%
Medial lumbricals Ulnar
8%
Flexor digit minimi Ulnar
8%
Adductor pollicis Ulnar
8%
Palmar interossei (PAD) Ulnar
8%
Dorsal interossei (DAB) Ulnar
8%
Abductor digiti minimi Ulnar
8%
Opponens digiti minimi Ulnar
8%
Subscapularis Upper and lower subscapular
8%
Branch of nerve Anterior interosseous
0%
Branch of nerve Anterior interosseous
0%
Branch of nerve Anterior interosseous
0%
Root value C3 - C4
0%
Root value C3 - C4
0%
Root value C4 - C5
0%
Root value C5
0%
Root value C5 - C6
0%
Root value C5 - C6
0%
Root value C5 - C6
0%
Root value C5 - C6
0%
Root value C5 - C6
0%
Root value C5 - C6
0%
Root value C5 - C6
0%
Root value C5 - C7
0%
Root value C5- C7
0%
Root value C5 - C7
0%
Root value C5 - C7
0%
Root value C6 - C7
0%
Root value C6 - C7
0%
Root value C6 - C7
0%
Root value C6 - C7
0%
Root value C6 - C7
0%
Root value C6 - C7
0%
Root value C6 - C8
0%
Root value C7
0%
Root value C7 - C8
0%
Root value C7 - C8
0%
Root value C7 - C8
0%
Root value C7 - C8
0%
Root value C7 - C8
0%
Root value C7 - C8
0%
Root value C7 - C8
0%
Root value C7 - C8
0%
Root value C7 - C8
0%
Root value C7 - T1
0%
Root value C7 - T1
0%
Root value C8 - T1
0%
Root value C8 - T1
0%
Root value C8 - T1
0%
Root value C8 - T1
0%
Root value CN XI
0%
Branch of nerve Deep
0%
Branch of nerve Deep
0%
Branch of nerve Deep
0%
Branch of nerve Deep
0%
Branch of nerve Deep
0%
Branch of nerve Deep
0%
Medial part innervate: Fourth and fifth fingers
0%
Branch of nerve Posterior interosseous
0%
Branch of nerve Posterior interosseous
0%
Branch of nerve Posterior interosseous
0%
Branch of nerve Posterior interosseous
0%
Branch of nerve Posterior interosseous
0%
Branch of nerve Posterior interosseous
0%
Branch of nerve Posterior interosseous
0%
Branch of nerve Posterior interosseous
0%
Branch of nerves Posterior interosseous
0%
Lateral part innervate: Second and third fingers
0%
Subclavicus Subclavius
0%
Root value T1
0%
Root value T1
0%
Root value T1
0%
Root value T1
0%
Root value T1
0%
Root value T1
0%
Root value T1
0%
Root value T1
0%
Root value T1
0%
Root value T1
0%
Trapezius Ventral rami
0%
Levator scapulae Ventral rami
0%
No matching quizzes found
Score Distribution
Percent of People with Each Score
Percentile by Number Answered
Your Score History
You have not taken this quiz